Southville International School and Colleges
Your cart is empty.
  • Cart
  • Lists
    Public lists Eva Luna New books Lux_list list_1
    Your lists Log in to create your own lists
  • Log in to your account
  • Your cookies
  • Search history
Southville International School and Colleges
  • Advanced search
  • Recent comments
  • Most popular
  • Libraries

Log in to your account

Log in with GOOGLE


If you do not have an external account, but do have a local account, you can still log in:

  1. Home
  2. MARC view: Simplified methods on building construction /
Normal view MARC view ISBD view

Simplified methods on building construction / (Record no. 293336)

[ view plain ]
MARC details
000 -LEADER
fixed length control field 00578nam a2200217Ia 4500
008 - FIXED-LENGTH DATA ELEMENTS--GENERAL INFORMATION
fixed length control field 160404s9999 xx 000 0 und d
050 ## - LIBRARY OF CONGRESS CALL NUMBER
Classification number FIL TH 145
050 ## - LIBRARY OF CONGRESS CALL NUMBER
Item number .F35 2001
100 ## - MAIN ENTRY--PERSONAL NAME
Personal name Fajardo, Max B., Jr.
245 ## - TITLE STATEMENT
Title Simplified methods on building construction /
245 ## - TITLE STATEMENT
Statement of responsibility, etc Max B. Fajardo Jr.
260 ## - PUBLICATION, DISTRIBUTION, ETC. (IMPRINT)
Place of publication, distribution, etc Quezon City:
260 ## - PUBLICATION, DISTRIBUTION, ETC. (IMPRINT)
Name of publisher, distributor, etc 5138 Trading,
260 ## - PUBLICATION, DISTRIBUTION, ETC. (IMPRINT)
Date of publication, distribution, etc 2001
300 ## - PHYSICAL DESCRIPTION
Extent 388 pages :
300 ## - PHYSICAL DESCRIPTION
Other physical details illustrations ;
300 ## - PHYSICAL DESCRIPTION
Dimensions 21 cm.
500 ## - GENERAL NOTE
General note Includes bibliographical references.
650 ## - SUBJECT ADDED ENTRY--TOPICAL TERM
Topical term or geographic name as entry element Building.
650 ## - SUBJECT ADDED ENTRY--TOPICAL TERM
General subdivision Construction industry.
Holdings
Withdrawn status Lost status Damaged status Home library Current library Shelving location Date acquired Cost, normal purchase price Total Checkouts Full call number Barcode Date last seen Price effective from Koha item type
      South Mansfield College South Mansfield College Filipiniana Section 01/09/2008 280.00   FIL TH 145 .F35 2001 SMC03718 04/04/2016 04/04/2016  

Simplified methods on building construction /

APA

Fajardo M. B. J., .Simplified methods on building construction. Quezon City: .

Chicago

Fajardo Max B Jr, .Simplified methods on building construction. Quezon City: .

Harvard

Fajardo M. B. J., .Simplified methods on building construction. Quezon City: .

MLA

Fajardo Max B Jr, .Quezon City: . .

  • Place hold
  • Print
  • Cite
  • Add to your cart (remove)
  • Save record
    BIBTEX Dublin Core MARCXML MARC (non-Unicode/MARC-8) MARC (Unicode/UTF-8) MARC (Unicode/UTF-8, Standard) MODS (XML) RIS
  • More searches
    Search for this title in:
    Other Libraries (WorldCat) Other Databases (Google Scholar) Online Stores (Bookfinder.com) Open Library (openlibrary.org)

Exporting to Dublin Core...

SOUTHVILLE LIBRARY

Southville International School and Colleges Library

1281 Tropical Ave. Cor. Luxembourg St., BF Homes International, Las Pinas City

Tel. No. 8256374 / 252358 Loc. 117/146

Powered by Koha